|
|
|
|
| LEADER |
01380nam a2200373 a 4500 |
| 001 |
EBC840576 |
| 003 |
MiAaPQ |
| 005 |
20200520144314.0 |
| 006 |
m o d | |
| 007 |
cr cn||||||||| |
| 008 |
110929s2011 si a sb 000 0 eng d |
| 020 |
|
|
|z 981281874X
|
| 020 |
|
|
|z 9789812818744
|
| 020 |
|
|
|a 9789812818768 (electronic bk.)
|
| 035 |
|
|
|a (MiAaPQ)EBC840576
|
| 035 |
|
|
|a (Au-PeEL)EBL840576
|
| 035 |
|
|
|a (CaPaEBR)ebr10493510
|
| 035 |
|
|
|a (CaONFJC)MIL323455
|
| 035 |
|
|
|a (OCoLC)858228085
|
| 040 |
|
|
|a MiAaPQ
|c MiAaPQ
|d MiAaPQ
|
| 050 |
|
4 |
|a HB615
|b .V93 2011
|
| 100 |
1 |
|
|a Vyakarnam, Shailendra.
|
| 245 |
1 |
0 |
|a Unlocking the enterpriser ins!de
|h [electronic resource] :
|b a book of why, what and how! /
|c Shailendra Vyakarnam, Neal Hartman.
|
| 246 |
3 |
|
|a Unlocking the enterpriser inside
|
| 260 |
|
|
|a Singapore :
|b World Scientific,
|c 2011.
|
| 300 |
|
|
|a xii, 156 p. :
|b ill. (some col.)
|
| 504 |
|
|
|a Includes bibliographical references.
|
| 533 |
|
|
|a Electronic reproduction. Ann Arbor, MI : ProQuest, 2015. Available via World Wide Web. Access may be limited to ProQuest affiliated libraries.
|
| 650 |
|
0 |
|a Entrepreneurship.
|
| 650 |
|
0 |
|a New business enterprises.
|
| 655 |
|
4 |
|a Electronic books.
|
| 700 |
1 |
|
|a Harman, Neal.
|
| 710 |
2 |
|
|a ProQuest (Firm)
|
| 856 |
4 |
0 |
|u https://ebookcentral.proquest.com/lib/matrademy/detail.action?docID=840576
|z Click to View
|